Jak vyrábějí japonské továrny. 1.
Japonský hospodársky zázrak znamená triumfálnu cestu na svetový trh, vysokú produktivitu a akosť a prvenstvo v mnohých odboroch výroby. Japonské formovanie výrobného spôsobu sa vyznačuje tým, že len to, čo prináša vyššiu hodnotu, stojí za rozvoj. Výrobný proces musí byť reťazcom pridaných hodnôt (va...
Guardado en:
| Formato: | Capítulo de libro |
|---|---|
| Lenguaje: | checo |
| Materias: | |
| Etiquetas: |
Sin Etiquetas, Sea el primero en etiquetar este registro!
|
MARC
| LEADER | 00000naa a2200000 4500 | ||
|---|---|---|---|
| 001 | r008751 | ||
| 005 | 20220831084505.3 | ||
| 041 | 0 | |a cze | |
| 044 | |a [CS] | ||
| 245 | 1 | 0 | |a Jak vyrábějí japonské továrny. 1. |
| 520 | |a Japonský hospodársky zázrak znamená triumfálnu cestu na svetový trh, vysokú produktivitu a akosť a prvenstvo v mnohých odboroch výroby. Japonské formovanie výrobného spôsobu sa vyznačuje tým, že len to, čo prináša vyššiu hodnotu, stojí za rozvoj. Výrobný proces musí byť reťazcom pridaných hodnôt (value added). Charakteristika hlavných zásad dosahovania úspechov vo výrobe. | ||
| 610 | 2 | 0 | |a rozvoj hospodársky |
| 610 | 2 | 0 | |a výroba |
| 610 | 2 | 0 | |a Japonsko |
| 610 | 2 | 0 | |a proces výrobný |
| 610 | 2 | 0 | |a hodnota pridaná spracovaním |
| 610 | 2 | 0 | |a produktívnosť |
| 610 | 2 | 0 | |a kvalita výrobkov |
| 610 | 2 | 0 | |a organizácia práce |